000 00721nas a2200241 4500
001 BR9800473
003 BR-BrBNA
005 20231205100710.0
007 ta
008 230509b bl.|||p| |||| 00| 00por d
040 _aBR-BrBNA
_bpor
_cBiblioteca Nacional de Agricultura
041 _a(Pt)
072 _aK10; U10
100 1 _aZanon, M.L.B.
100 1 _aStorck, L.
245 1 _aTamanho de parcelas experimentais para Eucalyptus saligna Smith
650 _aEucalipto
650 _aPlanejamento Florestal
650 _aModelo Matematico
773 0 _tCiencia Rural (Brazil)
_xISSN 0103-8478
_g(Oct-Dec 1997), v. 27(4) p. 589-593
_wBR9800473
909 _a202311
_bLúcia
_c55
_dLúcia Elande
942 _2AGRIS
_n0
_cANA
999 _c157533
_d157533